000 00887nam a2200277 i 4500
001 bg
100 1 _aLEVINE, John R.
245 1 0 _aInternet dla opornych ciąg dalszy /
_cJohn R. Levine i Margaret Levine Young ; [oprac. wersji polskiej Krzysztof Więckowski ; przekł. uzup. z ang. Wojtek Kowal].
246 _iTyt. oryg.:
_aMore Internet for dummies
260 _aWarszawa :
_b"Read Me",
_c1994.
300 _aXXVI, 378 s. :
_brys. ;
_c24 cm.
500 _aOryg. : "More Internet for dummies" 1993.
630 0 9 _aINTERNET
655 _aPodręczniki
700 1 _aLEVINE-YOUNG, Margaret
700 1 _aWIĘCKOWSKI, Krzysztof.
_eOprac.
700 1 _aKOWAL, Wojtek.
_eTł.
015 _aPB 1690/95
020 _a8385769803
040 _cBPK
041 1 _apl
_hen
080 _a681.324
920 _a83-85769-80-3
942 _cKS
008 s pl f |000 0 pol
999 _c6810
_d6810
856 _uhttp://koha.tu.koszalin.pl/cgi-bin/koha/opac-detail.pl?biblionumber=6810
_yKatalog online BPK